LEADER 03231nam 2200601 450 001 9910452746903321 005 20200520144314.0 010 $a1-4985-1507-X 010 $a0-7391-7593-9 035 $a(CKB)2550000001115024 035 $a(EBL)1367842 035 $a(OCoLC)857769418 035 $a(SSID)ssj0000984107 035 $a(PQKBManifestationID)12401065 035 $a(PQKBTitleCode)TC0000984107 035 $a(PQKBWorkID)11030122 035 $a(PQKB)10719475 035 $a(MiAaPQ)EBC1367842 035 $a(Au-PeEL)EBL1367842 035 $a(CaPaEBR)ebr10757444 035 $a(CaONFJC)MIL515323 035 $a(EXLCZ)992550000001115024 100 $a20130708h20132013 uy| 0 101 0 $aeng 135 $aur|n|---||||| 181 $ctxt 182 $cc 183 $acr 200 04$aThe 2012 nomination and the future of the Republican Party $ethe internal battle /$fedited by William J. Miller 210 1$aLanham :$cLexington Books,$d[2013] 210 4$dİ2013 215 $a1 online resource (277 p.) 300 $aDescription based upon print version of record. 311 $a0-7391-7592-0 311 $a1-299-84072-8 320 $aIncludes bibliographic references and index. 327 $aContents; Preface; Chapter One: The 2012 Republican Nomination Season: A Clown Car or Feuding Conservatives?; Chapter Two: The Impact of Rules Changes on the 2012 Republican Presidential Primary Process; Chapter Three: White Knights to the Rescue! The Non-Candidates of 2012; Chapter Four: The Curious Candidacy of Jon Huntsman; Chapter Five: Early to Rise, Early to Fall: The Short Lived Hope of Michele Bachmann; Chapter Six: The Hermanator: Anti-Elitism and the Rise of Herman Cain; Chapter Seven: Rick Perry: The Quickly Fading Star of Texas 327 $aChapter Eight: Newt Gingrich: It Takes More than Ideas to Win a NominationChapter Nine: Ron Paul: Establishment Outsider or Radical Insider?; Chapter Ten: Of Sweater Vests and Broken Dreams: Santorum's Almost Win; Chapter Eleven: Mitt Romney-The Republican Choice: Inevitability, Electability, and Lack of Enthusiasm; Chapter Twelve: The Victor's Reward and the Future of the GOP; About the Editor; About the Contributors; Index 330 $aIf the 2012 nomination process taught the Republican Party anything, it is that there are internal fractures within the GOP that need to be worked out prior to the 2016 presidential election. When coupled with changing national demographics that are less than favorable, Republican candidates must determine a way to bring together the pro-business, Tea Party, and evangelical wings of their party together if they hope for victory. 606 $aPresidents$zUnited States$xElection$y2012 606 $aPresidential candidates$zUnited States$xHistory$y21st century 608 $aElectronic books. 615 0$aPresidents$xElection 615 0$aPresidential candidates$xHistory 676 $a324.2734 701 $aMiller$b William J.$f1984-$0972999 801 0$bMiAaPQ 801 1$bMiAaPQ 801 2$bMiAaPQ 906 $aBOOK 912 $a9910452746903321 996 $aThe 2012 nomination and the future of the Republican Party$92213621 997 $aUNINA LEADER 01137nam 2200373 450 001 9910409730403321 005 20221011130453.0 010 $a1-78985-970-0 035 $a(CKB)4100000011335690 035 $a(NjHacI)994100000011335690 035 $a(EXLCZ)994100000011335690 100 $a20221011d2020 uy 0 101 0 $aeng 135 $aur||||||||||| 181 $ctxt$2rdacontent 182 $cc$2rdamedia 183 $acr$2rdacarrier 200 00$aHospital acquired infection and Legionnaires' disease /$fedited by Salim Surani and Joseph Varon 210 1$aLondon, United Kingdom :$cIntechOpen,$d[2020] 210 4$dİ2020 215 $a1 online resource (78 pages) $cillustrations 311 $a1-78985-969-7 320 $aIncludes bibliographical references. 606 $aLegionnaires' disease 615 0$aLegionnaires' disease. 676 $a616.241 702 $aSurani$b Salim 702 $aVaron$b Joseph 801 0$bNjHacI 801 1$bNjHacl 906 $aBOOK 912 $a9910409730403321 996 $aHospital Acquired Infection and Legionnaires' Disease$92263310 997 $aUNINA